00404nam a2200157Ia 4500008004100000020001500041041001200056082001100068100001500079245007500094250000800169260003300177300000800210650000700218700002100225221030s9999 xx 000 0 und d a8126508389 aEnglish a105.23 aA. J. Wood 0aPower Generation, Operation & Controlcby A. J. Wood, B. F. Wollenberg a2nd bWiley IndiaaNew Delhic2011 a569 aEE aB. F. Wollenberg